Flags of the Regions of Belarus - Statistics

General Stats
  • This quiz has been taken 65 times
    64 since last reset
  • The average score is 5 of 7
Answer Stats
Picture Answer % Correct
City of Minsk
91%
Brest
78%
Vitebsk
78%
Gomel
75%
Minsk Region
75%
Mogilev
66%
Grodno
63%
No matching quizzes found
Score Distribution
Percent of People with Each Score
Percentile by Number Answered
Your Score History
You have not taken this quiz since the last reset